French Ligue 1 and Ligue 2 teams 2021-22 - Statistics

General Stats
  • This quiz has been taken 140 times
  • The average score is 31 of 40
Answer Stats
Hint Answer % Correct
Ligue 1 Olympique de Marseille
98%
Ligue 1 Olympique Lyonnais
98%
Ligue 1 AS Monaco FC
94%
Ligue 1 FC Girondins de Bordeaux
94%
Ligue 1 Stade Rennais F.C.
94%
Ligue 1 AS Saint- Étienne
93%
Ligue 1 Lille OSC
93%
Ligue 1 Paris Saint-Germain F.C.
93%
Ligue 1 FC Nantes
92%
Ligue 2 Toulouse FC
90%
Ligue 1 RC Lens
89%
Ligue 1 RC Strasbourg Alsace
88%
Ligue 1 Stade Brestois 29
88%
Ligue 1 OGC Nice
86%
Ligue 2 Paris FC
86%
Ligue 1 Montpellier HSC
85%
Ligue 2 AC Ajaccio
83%
Ligue 1 Angers SCO
82%
Ligue 1 FC Lorient
81%
Ligue 1 Stade de Reims
81%
Ligue 1 Clermont Foot
80%
Ligue 1 FC Metz
80%
Ligue 2 AJ Auxerre
75%
Ligue 1 ES Troyes AC
73%
Ligue 2 Le Havre AC
73%
Ligue 2 AS Nancy Lorraine
71%
Ligue 2 SC Bastia
71%
Ligue 2 Amiens SC
68%
Ligue 2 US Quevilly-Rouen
68%
Ligue 2 Stade Malherbe Caen
67%
Ligue 2 Dijon FCO
66%
Ligue 2 Valenciennes FC
65%
Ligue 2 En Avant Guingamp
64%
Ligue 2 Grenoble Foot 38
64%
Ligue 2 Nîmes Olympique
63%
Ligue 2 FC Sochaux-Montbéliard
61%
Ligue 2 Pau FC
56%
Ligue 2 Rodez AF
52%
Ligue 2 USL Dunkerque
52%
Ligue 2 Chamois Niortais F.C.
44%
No matching quizzes found
Score Distribution
Percent of People with Each Score
Percentile by Number Answered
Your Score History
You have not taken this quiz